| 000 | 00494nam a2200169 a 4500 | ||
|---|---|---|---|
| 020 | _a0256188068 | ||
| 040 | _cDLC | ||
| 082 | 0 | 0 | _a658 IRW 1996 A042 Or. |
| 245 | 0 | 0 |
_aStakeholder negotiations : _bexercises in sustainable development / |
| 260 |
_aChicago : _bIrwin, _cc1996. |
||
| 300 |
_aix, 170 p. : _bill. ; _c28 cm. |
||
| 650 | 0 | _aIndustrial management | |
| 650 | 0 | _aSocial responsibility of business | |
| 650 | 0 | _aSustainable development | |
| 700 | 1 | _aBeckenstein, Alan R. | |
| 942 | _cEK | ||
| 999 |
_c12669 _d12669 |
||